| 000 | 00761nam a22001937a 4500 | ||
|---|---|---|---|
| 003 | BD-DhUL | ||
| 005 | 20170427121153.0 | ||
| 008 | 170427s1999 ii |||| |||| 000 0 ben d | ||
| 040 |
_aBD-DhUL _cBD-DhUL |
||
| 082 |
_a954.14 _bANB |
||
| 100 | 1 | _aরায়, অন্নদাশঙ্কর। | |
| 245 | 1 |
_aবাংলার রেনেসাঁস / _cঅন্নদাশঙ্কর রায়। |
|
| 250 | _a১ম বাণীশিল্প সং.। | ||
| 260 |
_aকলকাতা : _bবাণীশিল্প, _c১৯৯৯। |
||
| 300 |
_a৮২ পৃ. ; _c২২ সেমি.। |
||
| 650 | 0 | _aবাংলাদেশ (অখন্ড) - ইতিহাস | |
| 650 | 0 | _aBangladesh (Integrated) - History | |
| 942 |
_2ddc _cBK |
||
| 999 |
_c193785 _d193785 |
||